书目信息 |
| 题名: |
植物生理生化实验原理与技术
|
|
| 作者: | 李合生 主编 | |
| 分册: | ||
| 出版信息: | 北京 高等教育出版社 2000.7 |
|
| 页数: | 278页 | |
| 开本: | 23cm | |
| 丛书名: | ||
| 单 册: | ||
| 中图分类: | Q94-33 | |
| 科图分类: | ||
| 主题词: | 植物学--研究 , 植物学--实验 | |
| 电子资源: | ||
| ISBN: | 7-04-008076-1 | |
| 000 | 00618nam0 2200205 45 | |
| 001 | 0256284820 | |
| 005 | 2002061115380482 | |
| 010 | @a7-04-008076-1@dRMB 15.90 | |
| 100 | @a20020611d2000 km y0chiy0120 ea | |
| 101 | 0 | @achi |
| 102 | @aCN@b110000 | |
| 200 | 1 | @a植物生理生化实验原理与技术@Azhi wu sheng li sheng hua shi yan yuan li yu ji shu@f李合生主编@Fli he sheng zhu bian |
| 210 | @a北京@c高等教育出版社@d2000.7 | |
| 215 | @a278页@d23cm | |
| 606 | 0 | @a植物学@x研究 |
| 606 | 0 | @a植物学@x实验 |
| 690 | @aQ94-33@v3 | |
| 701 | 0 | @a李合生@Ali he sheng@4主编 |
| 801 | 0 | @aCN@bPFT@c20020611 |
| 905 | @a10447@dQ94-33@eL170 | |
| 植物生理生化实验原理与技术/李合生主编.-北京:高等教育出版社,2000.7 |
| 278页;23cm |
| ISBN 7-04-008076-1:RMB 15.90 |
| ● |
| 相关链接 |
|
|
|
正题名:植物生理生化实验原理与技术
索取号:Q94-33/L170
 
预约/预借
| 序号 | 登录号 | 条形码 | 馆藏地/架位号 | 状态 | 备注 |
| 1 | 363576 | 203635762 | 自科库401/401自科库 34排2列5层/ [索取号:Q94-33/L170] | 在馆 | |
| 2 | 363577 | 203635771 | 自科库401/401自科库 34排2列5层/ [索取号:Q94-33/L170] | 在馆 | |
| 3 | 363578 | 203635780 | 生命科学与工程学院资料室/ [索取号:Q94-33/L170] | 在馆 |